Llwytho...
Strategy for rural developments dairy cooperatives in India
| Prif Awdur: | |
|---|---|
| Fformat: | Printed Book |
| Iaith: | Undetermined English |
| Cyhoeddwyd: |
New Delhi
Sage Publications
1988
|
| Pynciau: |
| LEADER | 00768nam a2200193Ia 4500 | ||
|---|---|---|---|
| 008 | 140306s9999 xx 000 0 und d | ||
| 020 | |a 81 7036 082 | ||
| 041 | |a eng | ||
| 082 | |a 334 .683 |b MAS/ST | ||
| 100 | |a Mascarenhas, R C | ||
| 245 | |a Strategy for rural developments dairy cooperatives in India | ||
| 260 | |a New Delhi |b Sage Publications |c 1988 | ||
| 300 | |a 295 | ||
| 365 | |b Rs .250 | ||
| 650 | |a Dairing - cooperative | ||
| 942 | |2 ddc |c BK | ||
| 999 | |c 180447 |d 180447 | ||
| 952 | |0 0 |1 0 |2 ddc |4 0 |6 334_000000000000000__683_MAS_ST |7 0 |9 185893 |a KAUCBV |b KAUCBV |d 2004-07-02 |g 250.00 |o 334 .683 MAS/ST |r 2014-03-22 |w 2014-03-22 |y BK | ||
| 952 | |0 0 |1 0 |2 ddc |4 0 |6 334_000000000000000__683_MAS_ST |7 0 |9 185894 |a KAUCBV |b KAUCBV |d 2004-07-02 |g 250.00 |o 334 .683 MAS/ST |r 2014-03-22 |w 2014-03-22 |y BK | ||